000 00695nam a2200241Ia 4500
003 OSt
005 20220928125519.0
006 a|||||r|||| 00| 0
007 ta
008 220927b |||||||| |||| 00| 0 eng d
024 _a52396
037 _cTextual
040 _aSDCL
_cSDCL
_beng
041 _2eng
_aeng
082 _aX:54, P8
100 _aBhagwati Jagdish
_9445547
245 0 _aTermites in the trading system
_bHow preferential agreements undermine free trade
260 _aOxford
_bOxford University Press
_c2008
300 _axviii,139p
_ccm.
650 _aInternational Trade
942 _hX:54, P8
_cTEXL
_2CC
999 _c782656
_d782656